[Event "Mechanics' Fall TNM; 30/90, SD/30"]
[Site "San Francisco"]
[Date "2014.11.18"]
[Round "4.34"]
[White "Olson, David"]
[Black "Harris, Clarence"]
[Result "1-0"]
[WhiteElo "1407"]
[BlackElo "1617"]
[PlyCount "58"]
[EventDate "2014.??.??"]

1. Nf3 Nf6 2. c4 g6 3. g3 Bg7 4. Nc3 O-O 5. Bg2 d6 6. Rb1 e5 7. d3 Be6 8. O-O
a5 9. a3 Qd7 10. Ng5 Bf5 11. Bxb7 Ra7 12. Bg2 h6 13. Nge4 Kh7 14. Nxf6+ Bxf6
15. Nd5 Bg7 16. b4 c6 17. Nb6 Qe8 18. Be3 Ra6 19. c5 d5 20. h3 axb4 21. axb4
Nd7 22. Ra1 Rxa1 23. Qxa1 Nxb6 24. cxb6 Qa8 25. Bc5 Qxa1 26. Rxa1 Rb8 27. Ra7
Bc8 28. Rxf7 Kg8 29. Rc7 Ra8 1-0

[Event "Mechanics' SummerTNM; 30/90, SD/30"]
[Site "San Francisco"]
[Date "2014.07.01"]
[Round "6.33"]
[White "Olson, David"]
[Black "Hilliard, Michael"]
[Result "1-0"]
[WhiteElo "1406"]
[BlackElo "1400"]
[PlyCount "61"]
[EventDate "2014.??.??"]

1. Nf3 d5 2. d4 e6 3. g3 c5 4. Bg2 Nc6 5. O-O Nf6 6. Bf4 Qb6 7. e3 Qxb2 8. Nbd2
cxd4 9. exd4 Nxd4 10. Nxd4 Qxd4 11. Re1 Be7 12. Nb3 Qxd1 13. Rexd1 O-O 14. Nd4
Bd7 15. Rab1 b6 16. c4 Rac8 17. cxd5 exd5 18. Nb3 Be6 19. Nd4 Bc5 20. Nb5 a6
21. Nc7 Rxc7 22. Bxc7 Rc8 23. Bxb6 Bd6 24. Bd4 Be7 25. Rb7 Bd8 26. Bf1 a5 27.
a4 Bg4 28. Re1 h6 29. Kg2 Ne4 30. Bd3 Nd2 31. Re8# 1-0

[Event "Mechanics' Spring TNM; 30/90, SD/30"]
[Site "San Francisco"]
[Date "2014.05.06"]
[Round "8.28"]
[White "Olson, David"]
[Black "Hood, Bryan"]
[Result "0-1"]
[WhiteElo "1415"]
[BlackElo "1095"]
[PlyCount "34"]
[EventDate "2014.??.??"]

1. Nf3 d5 2. g3 c5 3. Bg2 Nc6 4. O-O Nf6 5. d4 e6 6. Bg5 Qb6 7. Bxf6 Qxb2 8.
Bxg7 Bxg7 9. Nbd2 Nxd4 10. Nxd4 Qxd4 11. e3 $4 Qxa1 12. Qxa1 Bxa1 13. Rxa1 b6
14. Nc4 Ba6 15. Ne5 f6 16. Ng4 O-O 17. Rd1 Be2 0-1

[Event "Mechanics' SummerTNM; 30/90, SD/30"]
[Site "San Francisco"]
[Date "2014.07.15"]
[Round "8.26"]
[White "Olson, David"]
[Black "Malvar, Mel"]
[Result "0-1"]
[WhiteElo "1406"]
[BlackElo "1542"]
[PlyCount "80"]
[EventDate "2014.??.??"]

1. Nf3 c5 2. g3 Nc6 3. c4 Nf6 4. Nc3 g6 5. Nd5 Bg7 6. d3 e6 7. Nxf6+ Bxf6 8.
Bh6 Bxb2 9. Rb1 Bc3+ 10. Nd2 Qf6 11. h4 Ne5 12. Bh3 b6 13. O-O Bb7 14. Ne4 Bxe4
15. dxe4 Nc6 16. Qd6 Be5 17. Qd2 Bc3 18. Qc1 Nd4 19. Bg4 Nc6 20. e3 Ne5 21. Be2
Ba5 22. f4 Nc6 23. a3 Rg8 24. Bg5 Qg7 25. e5 h6 26. Bf6 Qf8 27. Rb3 Ne7 28. g4
O-O-O 29. Rd3 h5 30. g5 Nf5 31. Bxd8 Qxd8 32. Rfd1 Ng3 33. Bf3 b5 34. cxb5 Qb6
35. Rxd7 Qxb5 36. Qb1 Qxb1 37. Bb7+ Qxb7 38. Rxb7 Kxb7 39. Rd7+ Kb6 40. Rxf7 c4
0-1

[Event "Mechanics' Spring TNM; 30/90, SD/30"]
[Site "San Francisco"]
[Date "2014.03.18"]
[Round "1.11"]
[White "Olson, David"]
[Black "Manvelyan, Hovik"]
[Result "0-1"]
[WhiteElo "1415"]
[BlackElo "2030"]
[PlyCount "72"]
[EventDate "2014.??.??"]

1. Nf3 Nf6 2. c4 c5 3. g3 Nc6 4. Bg2 d6 5. h3 g6 6. O-O Bg7 7. Nc3 a6 8. a4 Na5
9. b3 Qb6 10. Rb1 Bf5 11. d3 h6 12. e4 Be6 13. Re1 Nd7 14. Nd5 Qd8 15. Bb2 f6
16. Bc3 Nc6 17. Rb2 Bf7 18. Rbe2 e6 19. Qa1 exd5 20. exd5+ Nce5 21. Nh2 O-O 22.
d4 cxd4 23. Bxd4 Qc7 24. f4 Nd3 25. Rd1 N3c5 26. b4 Nb3 27. Qc3 Nxd4 28. Qxd4
Rae8 29. Rc2 f5 30. Qf2 a5 31. Nf3 axb4 32. Nd2 Nc5 33. Ra2 b3 34. Ra3 Nd3 35.
Qf1 Nxf4 36. gxf4 Qc5+ 0-1

[Event "Mechanics' Fall TNM; 30/90, SD/30"]
[Site "San Francisco"]
[Date "2014.10.21"]
[Round "1.23"]
[White "Olson, David"]
[Black "McCarty-Snead, Callaghan"]
[Result "0-1"]
[WhiteElo "1407"]
[BlackElo "1920"]
[Annotator "Donaldson"]
[PlyCount "48"]
[EventDate "2014.??.??"]

1. Nf3 Nf6 2. c4 d6 3. g3 g6 4. Bg2 Bg7 5. d4 O-O 6. O-O Nbd7 7. Nc3 e5 8. d5 (
8. e4) 8... Nh5 9. Ne4 $2 (9. e4) 9... h6 10. e3 f5 11. Nc3 Nhf6 12. h3 g5 13.
Nh2 Nc5 14. b4 Na6 15. a3 Nd7 16. Bb2 e4 17. f4 exf3 18. Nxf3 Qe7 19. Qd2 Ne5
20. Nd4 Nxc4 21. Qe2 Nxb2 22. Qxb2 Qxe3+ 23. Kh2 Bxd4 24. Rac1 Qe5 0-1

[Event "Mechanics' Whitehead TNM; 30/90, SD/30"]
[Site "San Francisco"]
[Date "2014.09.02"]
[Round "5.36"]
[White "Olson, David"]
[Black "Otterbach, Renate"]
[Result "0-1"]
[WhiteElo "1407"]
[BlackElo "1136"]
[Annotator "Donaldson"]
[PlyCount "52"]
[EventDate "2014.??.??"]

1. e4 e6 2. c4 b6 3. g3 c5 4. Bg2 Nc6 5. Ne2 e5 6. Nbc3 Nf6 7. O-O Be7 8. d3 d6
9. f4 Bg4 10. h3 Bxe2 11. Qxe2 Nd4 12. Qf2 O-O 13. Be3 a6 14. Rab1 Rb8 15. Nd5
Nxd5 16. exd5 b5 17. f5 Bf6 18. Kh2 bxc4 19. dxc4 Re8 20. b3 e4 21. Rh1 Qd7 22.
Rbf1 Re5 23. g4 Qe7 24. Bxd4 cxd4 25. Qxd4 e3 26. Re1 e2 {
and Black soon won (remaining moves unavailable).} 0-1

[Event "Mechanics' Whitehead TNM; 30/90, SD/30"]
[Site "San Francisco"]
[Date "2014.09.16"]
[Round "7.33"]
[White "Olson, David"]
[Black "Roberston, Guy"]
[Result "0-1"]
[WhiteElo "1407"]
[BlackElo "1455"]
[Annotator "Donaldson"]
[PlyCount "74"]
[EventDate "2014.??.??"]

1. Nf3 Nf6 2. c4 g6 3. g3 Bg7 4. d4 d6 5. Nc3 Nbd7 6. Bg2 e5 7. Bg5 h6 8. Bd2
O-O 9. O-O c6 10. e4 a6 11. d5 cxd5 12. cxd5 b5 13. Rc1 (13. b4 {
with a4 to follow was indicated.}) 13... b4 14. Ne2 a5 15. Ne1 Ba6 16. f4 Qb6+
17. Kh1 Ng4 18. Nd3 $2 Bxd3 19. Qe1 Nc5 20. h3 Nf6 21. Be3 Qa6 22. Bxc5 dxc5
23. Rxc5 Bxe2 24. Rf2 Bb5 25. fxe5 Nd7 26. Rc7 Bxe5 27. Rxd7 Bxd7 28. Qe3 Kg7
29. g4 Qd6 30. h4 Bg3 31. Rf1 Bxh4 32. e5 Qa6 33. Bh3 Bg5 34. Qe4 Rac8 35. Rf2
Qc4 36. Qf3 Qc1+ 37. Rf1 Qe3 0-1

[Event "Mechanics' Whitehead TNM; 30/90, SD/30"]
[Site "San Francisco"]
[Date "2014.08.19"]
[Round "3.28"]
[White "Olson, David"]
[Black "Standen, Julian"]
[Result "0-1"]
[WhiteElo "1407"]
[BlackElo "1665"]
[PlyCount "104"]
[EventDate "2014.??.??"]

1. Nf3 d5 2. d4 Nf6 3. g3 e6 4. Bg2 Bd6 5. Bg5 h6 6. Bd2 Nbd7 7. O-O O-O 8. Nc3
c6 9. Re1 Re8 10. e4 dxe4 11. Nxe4 Nxe4 12. Rxe4 Nf6 13. Re2 Bd7 14. Ne5 Qc7
15. f4 Rad8 16. c4 c5 17. d5 exd5 18. Nxd7 Qxd7 19. cxd5 Qb5 20. Rxe8+ Rxe8 21.
Bc3 Ne4 22. Qc2 Nxc3 23. bxc3 c4 24. h4 Qc5+ 25. Qf2 Qa3 26. Qd2 Qc5+ 27. Kh2
Re3 28. Re1 Rxe1 29. Qxe1 Kf8 30. Qb1 b5 31. h5 Ke7 32. Qe4+ Kf6 33. g4 Qf2 34.
Qd4+ Qxd4 35. cxd4 Bxf4+ 36. Kh3 b4 37. Bf1 c3 38. Bd3 Be3 39. Bc2 Bxd4 40. Kg3
Ke5 41. d6 Kxd6 42. Kf3 Ke5 43. Kg3 Be3 44. Kf3 Bd2 45. Bf5 a5 46. Bc2 Kf6 47.
Ke4 g6 48. Kf3 gxh5 49. gxh5 Kg5 50. Kg3 Kxh5 51. Bd1+ Kg5 52. Bc2 h5 0-1

[Event "Mechanics' Whitehead TNM; 30/90, SD/30"]
[Site "San Francisco"]
[Date "2014.08.12"]
[Round "2.19"]
[White "Olson, David"]
[Black "Steger, Eric"]
[Result "0-1"]
[WhiteElo "1407"]
[BlackElo "1931"]
[PlyCount "86"]
[EventDate "2014.??.??"]

1. Nf3 Nf6 2. c4 g6 3. g3 Bg7 4. Bg2 O-O 5. O-O d6 6. Nc3 c5 7. e4 Nc6 8. d4
Bg4 9. d5 Nd4 10. Qd3 Bxf3 11. Bxf3 Nd7 12. Bg2 Ne5 13. Qd1 Nxc4 14. Rb1 Rb8
15. Qd3 Ne5 16. Qd1 b5 17. Be3 Nc4 18. b4 a6 19. bxc5 dxc5 20. Bxd4 Bxd4 21.
Ne2 Bg7 22. Qd3 Qa5 23. Rfd1 Qxa2 24. Nc3 Qa3 25. Rdc1 Bd4 26. Rc2 Ne5 27. Qd2
Bxc3 28. Rxc3 Qa5 29. f4 Nc4 30. Qd3 Rfc8 31. Bh3 Rd8 32. e5 Qc7 33. Re1 Nb2
34. Qc2 Na4 35. Rce3 Rxd5 36. e6 f6 37. Bg2 Rd4 38. h4 Rbd8 39. Be4 Rd2 40. Qb1
Rb2 41. Qc1 Rdd2 42. f5 Kg7 43. Rd3 Rxd3 0-1

[Event "Mechanics' SummerTNM; 30/90, SD/30"]
[Site "San Francisco"]
[Date "2014.06.24"]
[Round "5.32"]
[White "Olson, David R"]
[Black "Agdamag, Samuel"]
[Result "0-1"]
[WhiteElo "1406"]
[BlackElo "1487"]
[PlyCount "78"]
[EventDate "2014.??.??"]

1. Nf3 Nf6 2. c4 g6 3. d4 Bg7 4. g3 O-O 5. Bg2 d6 6. Nc3 Ne8 7. O-O e5 8. d5 f5
9. Ng5 Qe7 10. e4 h6 11. Nf3 Na6 12. a3 Nc5 13. Qc2 Nf6 14. Nd2 fxe4 15. Ncxe4
Bf5 16. f3 Rf7 17. b4 Ncd7 18. g4 Bxe4 19. Nxe4 Raf8 20. Nxd6 cxd6 21. Qxg6 Nh7
22. Ra2 Qf6 23. Qd3 Qh4 24. Be3 b6 25. a4 Re8 26. a5 e4 27. Qd2 Ne5 28. Bf2 Qf6
29. Bd4 Nxc4 30. Bxf6 Nxd2 31. Rxd2 Nxf6 32. fxe4 Nxg4 33. Rc1 Be5 34. Bh3 h5
35. a6 Rg7 36. Bxg4 Rxg4+ 37. Kh1 Rf8 38. Rc7 Rf7 39. Rd1 Rxc7 0-1

[Event "Mechanics' Spring TNM; 30/90, SD/30"]
[Site "San Francisco"]
[Date "2014.04.29"]
[Round "7.12"]
[White "Ostrovsky, Sergey"]
[Black "Drane, Robert"]
[Result "0-1"]
[WhiteElo "1983"]
[BlackElo "1800"]
[PlyCount "46"]
[EventDate "2014.??.??"]

1. e4 Nf6 2. e5 Nd5 3. c4 Nb6 4. d4 d6 5. f4 g6 6. Nc3 Bg7 7. Be3 O-O 8. Be2
Be6 9. b3 dxe5 10. fxe5 c5 11. Bf3 Nc6 12. Bxc6 bxc6 13. Nf3 Bg4 14. Qd2 Bxf3
15. gxf3 cxd4 16. Bxd4 c5 17. Bxc5 Bxe5 18. O-O-O Qc7 19. Be3 $2 {Diagram #} (
19. Bd4 $11) 19... Nxc4 $3 20. bxc4 Qxc4 21. Bd4 (21. Qd3 Rfc8) 21... Rfd8 22.
Qe2 Rxd4 23. Rxd4 Qxc3+ 0-1

[Event "Mechanics' Winter TNM; 30/90, SD/30"]
[Site "San Francisco"]
[Date "2014.01.07"]
[Round "1.17"]
[White "Ostrovsky, Sergey"]
[Black "Gomboluudev, Enkhjin"]
[Result "1-0"]
[WhiteElo "1885"]
[BlackElo "1320"]
[PlyCount "83"]
[EventDate "2014.??.??"]

1. d4 Nf6 2. c4 e6 3. Nc3 Bb4 4. Bg5 d5 5. cxd5 exd5 6. e3 O-O 7. Nf3 Be6 8.
Be2 Nc6 9. O-O a6 10. Rc1 Bd6 11. a3 h6 12. Bh4 Be7 13. Qb3 Rb8 14. Na4 Ne4 15.
Bxe7 Nxe7 16. Rfd1 Nf5 17. Nc5 Ned6 18. Qc2 c6 19. b4 Qf6 20. Ne5 Rbd8 21. a4
Nh4 22. g3 Ng6 23. f4 Ne7 24. Bd3 Nef5 25. Re1 Ne7 26. a5 Bc8 27. Qg2 Nc4 28.
Bxc4 dxc4 29. Rxc4 Nf5 30. g4 Qh4 31. Nf3 Nxe3 32. Rxe3 Qf6 33. f5 Rfe8 34. Qe2
Rxe3 35. Qxe3 Qd6 36. Qe5 Qxe5 37. dxe5 Re8 38. Rd4 h5 39. gxh5 Bxf5 40. Nxb7
Be6 41. Rd8 Rxd8 42. Nxd8 1-0

[Event "Mechanics' Winter TNM; 30/90, SD/30"]
[Site "San Francisco"]
[Date "2014.02.04"]
[Round "5.12"]
[White "Ostrovsky, Sergey"]
[Black "MacIntyre, Brendan"]
[Result "1-0"]
[WhiteElo "1885"]
[BlackElo "1688"]
[PlyCount "71"]
[EventDate "2014.??.??"]

1. d4 d5 2. c4 c6 3. Nc3 Nf6 4. Nf3 Bf5 5. Qb3 Qb6 6. cxd5 Qxb3 7. axb3 cxd5 8.
Nb5 Na6 9. Rxa6 bxa6 10. Nc7+ Kd8 11. Nxa8 e6 12. Bd2 Bd6 13. Ne5 Ke7 14. Nc7
Bxc7 15. Bb4+ Ke8 16. e3 Bxe5 17. dxe5 Nd7 18. Bd6 f6 19. f4 Kf7 20. Bxa6 Nb8
21. Bb7 Bc2 22. b4 Nd7 23. Kd2 Bb3 24. Kc3 Bc4 25. Ra1 a6 26. b3 Bb5 27. Bxa6
Ra8 28. Bxb5 Rxa1 29. Bxd7 Ra2 30. b5 Rxg2 31. b6 Rxh2 32. b7 d4+ 33. exd4 Kg6
34. b8=Q Rh3+ 35. Kb4 Kf5 36. Bxe6+ 1-0

[Event "Mechanics' Winter TNM; 30/90, SD/30"]
[Site "San Francisco"]
[Date "2014.02.11"]
[Round "6.6"]
[White "Ostrovsky, Sergey"]
[Black "Manvelyan, Hovik"]
[Result "1/2-1/2"]
[WhiteElo "1885"]
[BlackElo "1925"]
[PlyCount "120"]
[EventDate "2014.??.??"]

1. d4 d5 2. c4 e6 3. Nc3 Nf6 4. Nf3 c6 5. e3 Nbd7 6. Bd3 dxc4 7. Bxc4 Nb6 8.
Bd3 Bd7 9. O-O c5 10. Ne4 c4 11. Bc2 Rc8 12. Nc3 Nfd5 13. e4 Nb4 14. Bb1 Bd6
15. a3 Nc6 16. Nb5 Bb8 17. e5 Nxe5 18. Nd6+ Bxd6 19. Nxe5 Bxe5 20. dxe5 h5 21.
Qf3 Bc6 22. Qg3 Kf8 23. Bg5 Qd4 24. Ra2 Qg4 25. Qxg4 hxg4 26. Bc2 Nd5 27. Raa1
f6 28. Bd2 Kf7 29. Rfe1 Rh5 30. Bd1 f5 31. h3 Rch8 32. f4 Rh4 33. hxg4 fxg4 34.
Kf2 Ne7 35. Bc2 Bxg2 36. Kxg2 Rh2+ 37. Kg3 Rxd2 38. Rac1 Rhh2 39. Be4 Rxb2 40.
Rxc4 Rh3+ 41. Kxg4 Rxa3 42. Rc7 Rbb3 43. Rg1 b5 44. Kg5 Rc3 45. Rb7 Ra4 46.
Bg6+ Kf8 47. Rb8+ Rc8 48. Rxb5 Nxg6 49. Kxg6 Rxf4 50. Rb7 Rcc4 51. Rb8+ Ke7 52.
Rb7+ Ke8 53. Kxg7 a5 54. Rg6 Rg4 55. Rxg4 Rxg4+ 56. Kf6 Rh4 57. Kxe6 Rh6+ 58.
Kd5 Ra6 59. Kc5 a4 60. Kb5 Ra8 1/2-1/2

[Event "Mechanics' Spring TNM; 30/90, SD/30"]
[Site "San Francisco"]
[Date "2014.04.15"]
[Round "5.7"]
[White "Ostrovsky, Sergey"]
[Black "Potharum, Eitetsu"]
[Result "1/2-1/2"]
[WhiteElo "1983"]
[BlackElo "1800"]
[Annotator "Donaldson"]
[PlyCount "50"]
[EventDate "2014.??.??"]

1. d4 Nf6 2. c4 e6 3. Nc3 c5 4. d5 exd5 5. cxd5 d6 6. e4 g6 7. f4 Bg7 8. Bb5+
Nfd7 9. a4 O-O 10. Nf3 Na6 11. O-O Nc7 12. Be2 b6 (12... Re8) 13. Nd2 Bd4+ 14.
Kh1 Nf6 $1 15. Bf3 Re8 (15... h5 16. Nc4 (16. Ra3 Ng4) (16. Nb3 Ba6 17. Re1 (
17. Nxd4 cxd4 18. Ne2) 17... Bf2) 16... Ng4 17. Bd2 $2 (17. Qe2 Nxh2)) (15...
Ba6) 16. h3 Rb8 (16... Ba6 17. Re1 (17. Be2 Bxe2 18. Qxe2 Ncxd5) 17... Bf2) 17.
Qc2 {Diagram #} Ng4 18. Bxg4 Bxg4 19. Nf3 Bxf3 20. Rxf3 Qe7 21. a5 b5 22. f5
Bxc3 23. Qxc3 Qxe4 (23... b4) 24. Bh6 (24. Qf6) 24... Qe5 (24... Re5) 25. fxg6
hxg6 1/2-1/2

[Event "Mechanics' Spring TNM; 30/90, SD/30"]
[Site "San Francisco"]
[Date "2014.04.01"]
[Round "3.5"]
[White "Ostrovsky, Sergey"]
[Black "Thornally, Frank"]
[Result "0-1"]
[WhiteElo "1983"]
[BlackElo "2200"]
[Annotator "Donaldson"]
[PlyCount "68"]
[EventDate "2014.??.??"]

1. d4 Nf6 2. c4 e6 3. Nc3 d5 4. Nf3 Be7 5. Bf4 Nbd7 6. e3 O-O 7. c5 c6 8. Bd3
b6 9. b4 a5 10. a3 Nh5 11. Ne5 Nxe5 (11... Nxf4 12. exf4 Nxe5 13. fxe5 axb4 14.
axb4 Rxa1 15. Qxa1 f6 16. exf6 Bxf6 17. Ne2 bxc5 18. bxc5 Qe7 19. O-O e5) 12.
Bxe5 g6 13. O-O f6 14. Bf4 bxc5 15. bxc5 e5 16. Bh6 Ng7 17. Na4 Ba6 18. Nb6 {
The knight is out of play here.} (18. Bxa6 Rxa6 19. Rb1 $11) 18... Bxd3 19.
Qxd3 Ra7 20. f4 exd4 21. exd4 Re8 22. Bxg7 Kxg7 23. f5 Bf8 24. Rae1 Rae7 25.
Qd2 Re4 26. Rxe4 Rxe4 27. fxg6 hxg6 28. Rf3 f5 29. Rh3 Kg8 30. Qxa5 Bg7 31. Nc4
Bxd4+ 32. Kf1 Rf4+ 33. Rf3 Rxf3+ 34. gxf3 Qh4 0-1

[Event "Mechanics' Spring TNM; 30/90, SD/30"]
[Site "San Francisco"]
[Date "2014.03.18"]
[Round "1.18"]
[White "Ostrovsky, Sergey"]
[Black "Toziopolous, Stephen"]
[Result "1-0"]
[WhiteElo "1983"]
[BlackElo "1215"]
[PlyCount "27"]
[EventDate "2014.??.??"]

1. d4 c5 2. d5 e6 3. e4 Nf6 4. Nc3 d6 5. Nf3 g6 6. Bb5+ Bd7 7. a4 Bg7 8. dxe6
Bxb5 9. exf7+ Kxf7 10. axb5 Qe7 11. O-O Nbd7 12. Nd5 Nxd5 13. Qxd5+ Qe6 14.
Ng5+ 1-0

[Event "Mechanics' Winter TNM; 30/90, SD/30"]
[Site "San Francisco"]
[Date "2014.01.14"]
[Round "2.34"]
[White "Otterbach, Renate"]
[Black "Ayinala, Nihar"]
[Result "1-0"]
[WhiteElo "1132"]
[BlackElo "537"]
[PlyCount "29"]
[EventDate "2014.??.??"]

1. d4 d5 2. Nf3 Nf6 3. e3 e6 4. Ne5 a6 5. Bd3 Nc6 6. b3 Bb4+ 7. Bd2 Bxd2+ 8.
Nxd2 O-O 9. O-O Nxe5 10. dxe5 Nd7 11. f4 f6 12. Qh5 Rf7 13. Qxh7+ Kf8 14. Bg6
Re7 15. Qh8# 1-0

[Event "Mechanics' Fall TNM; 30/90, SD/30"]
[Site "San Francisco"]
[Date "2014.10.21"]
[Round "1.33"]
[White "Otterbach, Renate"]
[Black "Campers, Willie"]
[Result "0-1"]
[WhiteElo "1044"]
[BlackElo "1749"]
[PlyCount "56"]
[EventDate "2014.??.??"]

1. d4 Nf6 2. Nf3 g6 3. Bf4 Bg7 4. c4 d6 5. Nc3 Nbd7 6. Bg5 O-O 7. e3 Nb6 8. h3
c6 9. Bd3 Be6 10. b3 Nbd7 11. b4 Nb6 12. Nd2 Rc8 13. Ne2 c5 14. Rb1 cxd4 15.
Nxd4 Bd7 16. b5 d5 17. Rb4 e5 18. N4b3 dxc4 19. Nxc4 Qe7 20. Qd2 Nxc4 21. Rxc4
Rcd8 22. Rc7 Qe6 23. Bc4 Qb6 24. Rc5 Ne4 25. Qd5 Nxg5 26. O-O Ne6 27. f4 Nxc5
28. Nxc5 Be6 0-1

[Event "Mechanics' Whitehead TNM; 30/90, SD/30"]
[Site "San Francisco"]
[Date "2014.08.05"]
[Round "1.23"]
[White "Otterbach, Renate"]
[Black "Drane, Robert"]
[Result "0-1"]
[WhiteElo "1136"]
[BlackElo "1869"]
[PlyCount "84"]
[EventDate "2014.??.??"]

1. d4 f5 2. Bf4 Nf6 3. e3 e6 4. c4 b6 5. Nf3 Bb7 6. Nc3 Bb4 7. Qb3 a5 8. a4 h6
9. h3 d6 10. Rd1 Qe7 11. Be2 g5 12. Bh2 Ne4 13. O-O Nd7 14. Nb5 O-O-O 15. d5 e5
16. Bd3 Ndc5 17. Qc2 Rdg8 18. Qb1 g4 19. Nfd4 exd4 20. Nxd4 gxh3 21. g3 Qf6 22.
Nc2 Nxd3 23. Rxd3 Nd2 24. Rxd2 Bxd2 25. Nd4 f4 26. Qf5+ Qxf5 27. Nxf5 Kd7 28.
exf4 Bxf4 29. Re1 Bg5 30. Kf1 Re8 31. Rb1 Bf6 32. g4 Re4 33. b3 Rxg4 34. Ne3
Re4 35. Nc2 Be5 36. Bxe5 Rxe5 37. Kg1 c6 38. b4 Rg8+ 39. Kh2 cxd5 40. Nd4 dxc4
41. bxa5 Rg2+ 42. Kxh3 Rh5# 0-1

[Event "Mechanics' Whitehead TNM; 30/90, SD/30"]
[Site "San Francisco"]
[Date "2014.09.09"]
[Round "6.34"]
[White "Otterbach, Renate"]
[Black "Eytan, David"]
[Result "0-1"]
[WhiteElo "1136"]
[BlackElo "1496"]
[Annotator "Donaldson"]
[PlyCount "98"]
[EventDate "2014.??.??"]

1. d4 f5 2. Nf3 Nf6 3. Bf4 e6 4. Nbd2 b6 5. e3 Bb7 6. Bb5 a6 7. Ba4 b5 8. Bb3
Nc6 9. a3 Ne7 10. c4 Ng6 11. Bg5 h6 12. Bxf6 Qxf6 13. Qc2 Nh4 14. Nxh4 Qxh4 15.
g3 Qh5 16. d5 exd5 17. cxd5 Bd6 18. Qc3 Qf7 19. O-O-O O-O 20. e4 fxe4 21. Nxe4
a5 22. Nxd6 cxd6 23. Qd3 Rac8+ 24. Bc2 g5 25. Kb1 Rc5 26. Bb3 a4 27. Ba2 Re8
28. Rhf1 Re7 29. h4 g4 30. f3 gxf3 31. Rxf3 Qh7 32. Qxh7+ Kxh7 33. Rf8 Kg7 34.
Rf3 (34. Rb8 $14) 34... Re2 35. Rc3 $6 Rxc3 36. bxc3 Re3 37. Kb2 Rxg3 38. Rd4 (
38. Re1) 38... Rg2+ 39. Kb1 Kg6 40. c4 bxc4 41. Bxc4 Kf5 42. Bd3+ Ke5 43. Rxa4
Bxd5 44. Ra5 Kd4 45. Bc2 Be6 46. Kc1 Kc3 47. Ra4 Rxc2+ 48. Kd1 Bb3 49. Rg4 Rg2+
0-1

[Event "Mechanics' Fall TNM; 30/90, SD/30"]
[Site "San Francisco"]
[Date "2014.11.04"]
[Round "3.45"]
[White "Otterbach, Renate"]
[Black "Eytan, David"]
[Result "0-1"]
[WhiteElo "1044"]
[BlackElo "1496"]
[PlyCount "56"]
[EventDate "2014.??.??"]

1. d4 f5 2. Nf3 Nf6 3. Bf4 e6 4. e3 b6 5. c4 Bb4+ 6. Nbd2 Bb7 7. Ne5 d6 8. Qa4+
Nbd7 9. Nxd7 Bxd2+ 10. Kxd2 Nxd7 11. f3 O-O 12. Bg3 e5 13. d5 Nc5 14. Qa3 e4
15. Re1 a5 16. Qc3 Rf7 17. f4 Qe7 18. Bf2 c6 19. Rd1 cxd5 20. Kc2 Rc8 21. Kb1
b5 22. cxb5 Nd3 23. Qd2 Nxf2 24. Qxf2 Qc7 25. Be2 Qc2+ 26. Ka1 Rfc7 27. a3 Qb3
28. Kb1 Rc2 0-1

[Event "Mechanics' Spring TNM; 30/90, SD/30"]
[Site "San Francisco"]
[Date "2014.04.01"]
[Round "3.34"]
[White "Otterbach, Renate"]
[Black "Frank, Robert"]
[Result "0-1"]
[WhiteElo "1056"]
[BlackElo "1438"]
[PlyCount "41"]
[EventDate "2014.??.??"]

1. d4 Nf6 2. Nf3 d5 3. e3 e6 4. Bd3 c5 5. c3 c4 6. Bc2 b5 7. a3 a5 8. b3 Nbd7
9. O-O Bd6 10. a4 Ba6 11. Ba3 Bxa3 12. Nxa3 cxb3 13. Bxb3 bxa4 14. Bxa4 Bxf1
15. Kxf1 O-O 16. c4 dxc4 17. Nxc4 Nb6 18. Nxb6 Qxb6 19. Rb1 Qc7 20. Ne5 Ne4 21.
Rc1 0-1

[Event "Mechanics' Winter TNM; 30/90, SD/30"]
[Site "San Francisco"]
[Date "2014.01.28"]
[Round "4.30"]
[White "Otterbach, Renate"]
[Black "Furukawa, Jon"]
[Result "0-1"]
[WhiteElo "1132"]
[BlackElo "1533"]
[Annotator "Donaldson"]
[PlyCount "66"]
[EventDate "2014.??.??"]

1. d4 d5 2. Nf3 Nf6 3. e3 e6 4. Bd3 Nc6 5. a3 Bd6 6. b3 O-O 7. Bb2 Re8 8. Ne5 (
8. O-O b6 9. Nbd2 Bb7 10. Ne5) 8... Bxe5 9. dxe5 Nd7 10. f4 Nc5 11. Bxh7+ $2 (
11. O-O b6 12. Nd2 Bb7 13. Nf3 Qd7 $2 14. Bxh7+ Kxh7 15. Ng5+ Kg8 16. Qh5)
11... Kxh7 12. Qh5+ Kg8 13. O-O Ne7 14. Nd2 Nf5 15. Nf3 Ne4 16. Ng5 Nxg5 17.
fxg5 g6 18. Qf3 Qxg5 19. Rf2 Qxe3 20. Qg4 Qh6 21. Qf3 Rf8 22. a4 Bd7 23. Rd1
Bc6 24. Qg4 Qh4 25. Rd4 Qxg4 26. Rxg4 Rad8 27. Bc1 d4 28. Bg5 d3 29. cxd3 Rxd3
30. h3 Rd4 31. Bf6 Rxg4 32. hxg4 Nh6 33. g3 Nxg4 0-1

[Event "Mechanics' Spring TNM; 30/90, SD/30"]
[Site "San Francisco"]
[Date "2014.03.18"]
[Round "1.23"]
[White "Otterbach, Renate"]
[Black "Hakobyan, Sos"]
[Result "0-1"]
[WhiteElo "1056"]
[BlackElo "1787"]
[Annotator "Donaldson"]
[PlyCount "40"]
[EventDate "2014.??.??"]

1. d4 Nf6 2. Nf3 e6 3. Bg5 Be7 4. e3 c5 5. c3 Qa5 6. Nbd2 cxd4 7. exd4 Nc6 8.
Nc4 Qd8 9. Bd3 Nd5 $2 10. Qd2 (10. Nd6+ $1 $16) 10... f6 11. Bf4 d6 12. Be4
Nxf4 13. Bxc6+ bxc6 14. Qxf4 Rb8 15. b4 O-O 16. O-O Ba6 17. Nfd2 e5 18. Qf5 g6
19. Qe6+ Kh8 20. dxe5 $2 {Diagram #} (20. Na5) 20... Bc8 0-1

[Event "Mechanics' Winter TNM; 30/90, SD/30"]
[Site "San Francisco"]
[Date "2014.02.25"]
[Round "8.34"]
[White "Otterbach, Renate"]
[Black "Hilliard, Michael"]
[Result "0-1"]
[WhiteElo "1132"]
[BlackElo "1400"]
[PlyCount "58"]
[EventDate "2014.??.??"]

1. d4 d5 2. Nf3 Nf6 3. Bg5 e6 4. Nbd2 c5 5. e3 Nc6 6. c4 Be7 7. Bd3 Qb6 8. b3
cxd4 9. exd4 Nxd4 10. Be3 Nxf3+ 11. Nxf3 Qa5+ 12. Nd2 O-O 13. O-O Bd7 14. Bf4
Bc6 15. cxd5 Qxd5 16. Nf3 Rad8 17. Bc4 Qf5 18. Qc1 Qg6 19. Nh4 Qg4 20. Bg3 Nh5
21. f3 Bc5+ 22. Bf2 Bxf2+ 23. Rxf2 Qxh4 24. f4 Qe7 25. Qb2 Qd6 26. Raf1 Nf6 27.
Be2 Ne4 28. Rf3 Qc5+ 29. Kh1 Rd2 0-1

[Event "Mechanics' Whitehead TNM; 30/90, SD/30"]
[Site "San Francisco"]
[Date "2014.09.16"]
[Round "7.35"]
[White "Otterbach, Renate"]
[Black "Knolla, Richard"]
[Result "0-1"]
[WhiteElo "1136"]
[BlackElo "1326"]
[Annotator "Donaldson"]
[PlyCount "38"]
[EventDate "2014.??.??"]

1. d4 d5 2. Nf3 Nc6 3. e3 Nf6 4. c3 e6 5. Bd3 Bd6 6. Nbd2 O-O 7. O-O e5 8. e4
Re8 9. Re1 Bg4 10. Qc2 Qe7 11. exd5 Nxd5 12. h3 Bh5 13. Bxh7+ Kh8 14. Be4 Nf6
15. Ng5 exd4 16. Nf1 Bg6 17. Ng3 Bxg3 18. fxg3 Nxe4 19. Nxe4 Bxe4 0-1

[Event "Mechanics' Whitehead TNM; 30/90, SD/30"]
[Site "San Francisco"]
[Date "2014.08.26"]
[Round "4.35"]
[White "Otterbach, Renate"]
[Black "Louie, Henry"]
[Result "0-1"]
[WhiteElo "1136"]
[BlackElo "1509"]
[PlyCount "72"]
[EventDate "2014.??.??"]

1. d4 d5 2. Nf3 Nf6 3. e3 Bg4 4. c4 e6 5. Qb3 b6 6. cxd5 exd5 7. Qa4+ c6 8. Qb3
Bd6 9. Be2 O-O 10. Nbd2 a5 11. a4 Re8 12. Nh4 Bc8 13. O-O Ba6 14. Bxa6 Nxa6 15.
f4 Nb4 16. Nf5 Rc8 17. Rf3 Qd7 18. Nxd6 Qxd6 19. Nf1 c5 20. Qd1 c4 21. Ra3 Ne4
22. Nd2 Nxd2 23. Bxd2 Na6 24. Rh3 Nb8 25. Qh5 h6 26. Bc3 Nd7 27. Rg3 f5 28. Qd1
Nf6 29. Rg6 Rxe3 30. Rg3 Rxg3 31. hxg3 Re8 32. Qc2 Ne4 33. Qe2 Nf6 34. Qc2 Re4
35. Bd2 Ng4 36. b3 $2 Qxa3 0-1